| 000 | 01099nac a22003617a 4500 | ||
|---|---|---|---|
| 001 | BR6700211 | ||
| 003 | BR-BrBNA | ||
| 005 | 20240105113317.0 | ||
| 008 | 230509b bl.|||m| |||| 00| 0 por d | ||
| 040 |
_aBR-BrBNA _bpor _cBiblioteca Nacional de Agricultura |
||
| 072 | _aE15; F00; E70 | ||
| 090 | _a0230 BR6700211 | ||
| 110 | 1 |
_aInstituto do Acucar e do Alcool, Rio de Janeiro, GB (Brasil) _96295 |
|
| 245 | 1 | _aAnuario acucareiro. Safras de 1960/61 - 1965/66 [Cana de acucar; Acucar; Alcool; Estatistica de producao; Brasil] | |
| 260 | 3 |
_aRio de Janeiro, GB (Brasil): _c1967. |
|
| 300 | _a111 p. | ||
| 490 |
_aAnuario Acucareiro (Brazil) _v _x |
||
| 500 | _aNumerical data | ||
| 650 | _aMicroeconomia | ||
| 650 | _aProducao vegetal | ||
| 650 | _aComercializacao | ||
| 650 | _aCana de acucar | ||
| 650 | _aAcucar | ||
| 650 | _aAlcool | ||
| 650 | _aSafra | ||
| 650 | _aEstatistica de producao | ||
| 650 | _aRendimento | ||
| 650 | _aExportacao | ||
| 650 | _aEstoque | ||
| 650 | _aFinanciamento | ||
| 909 |
_a202312 _bLúcia Elande _c55 _dLúcia Elande |
||
| 942 |
_2AGRIS _n0 _cMS |
||
| 999 |
_c263021 _d263021 |
||